Speed-ranking: Highest-priced Comics Quiz Stats

Quiz not verified by Sporcle

Also try: Name That Alien
Challenge
Share
Tweet
Score 0/10 Timer 00:30
0 Plays Today
% Correct
01: $3,207,852
92.8%
02: $1,100,000
67.5%
03: $1,075,000
62.9%
04: $567,625
53.2%
05: $492,937.50
27.4%
06: $450,000
25.1%
09: $343,057
23.2%
08: $350,000
19%
10: $326,000
18.4%
07: $375,000
13.7%

You're not logged in!

Compare scores with friends on all Sporcle quizzes.
Sign Up with Email
OR
Log In

You Might Also Like...

Show Comments

Extras

Top Quizzes Today


Score Distribution

Your Account Isn't Verified!

In order to create a playlist on Sporcle, you need to verify the email address you used during registration. Go to your Sporcle Settings to finish the process.